[Event "April 9 Early 2024"]
[Site "Chess.com"]
[Date "2024.04.09"]
[Round "3"]
[White "Kuzhylnyi, Oleksandr"]
[Black "Bazilius, Augustinas"]
[Result "1-0"]
[Board "132"]
[WhiteFideId "34110500"]
[BlackFideId "12832251"]
[WhiteTitle "CM"]
[BlackTitle "CM"]
[WhiteElo "2646"]
[BlackElo "2489"]
[WhiteTeam "UKR"]
[BlackTeam "LTU"]
[WhiteClock "0:00:40"]
[BlackClock "0:00:00"]
[Variant "Standard"]

1. e4 {[%clk 0:03:00]}  c5 {[%clk 0:02:49]} 2. Nf3 {[%clk 0:03:00]}  d6 {[%clk 0:02:49]} 3. c3 {[%clk 0:02:59]}  Nf6 {[%clk 0:02:47]} 4. d3 {[%clk 0:02:59]}  e5 {[%clk 0:02:41]} 5. g3 {[%clk 0:02:58]}  Nc6 {[%clk 0:02:41]} 6. Bg2 {[%clk 0:02:58]}  Be7 {[%clk 0:02:42]} 7. O-O {[%clk 0:02:59]}  O-O {[%clk 0:02:43]} 8. a3 {[%clk 0:02:59]}  h6 {[%clk 0:02:38]} 9. b4 {[%clk 0:02:59]}  cxb4 {[%clk 0:02:35]} 10. axb4 {[%clk 0:02:59]}  Be6 {[%clk 0:02:32]} 11. b5 {[%clk 0:02:45]}  Na5 {[%clk 0:02:31]} 12. c4 {[%clk 0:02:40]}  b6 {[%clk 0:02:28]} 13. Nc3 {[%clk 0:02:33]}  Nd7 {[%clk 0:02:22]} 14. Ba3 {[%clk 0:01:58]}  Rc8 {[%clk 0:02:07]} 15. Ne1 {[%clk 0:01:54]}  Nc5 {[%clk 0:01:56]} 16. Bb4 {[%clk 0:01:53]}  Ncb3 {[%clk 0:01:51]} 17. Ra3 {[%clk 0:01:48]}  Nd4 {[%clk 0:01:45]} 18. Nc2 {[%clk 0:01:47]}  Nxc2 {[%clk 0:01:23]} 19. Qxc2 {[%clk 0:01:48]}  d5 {[%clk 0:01:20]} 20. Bxe7 {[%clk 0:01:40]}  Qxe7 {[%clk 0:01:19]} 21. Rxa5 {[%clk 0:01:41]}  bxa5 {[%clk 0:01:15]} 22. exd5 {[%clk 0:01:41]}  Bf5 {[%clk 0:01:09]} 23. Be4 {[%clk 0:01:33]}  Bxe4 {[%clk 0:01:06]} 24. Nxe4 {[%clk 0:01:34]}  f5 {[%clk 0:01:04]} 25. Nd2 {[%clk 0:01:34]}  f4 {[%clk 0:00:57]} 26. Ne4 {[%clk 0:01:30]}  Qd7 {[%clk 0:00:49]} 27. Rc1 {[%clk 0:01:11]}  f3 {[%clk 0:00:22]} 28. Qd1 {[%clk 0:01:07]}  a4 {[%clk 0:00:17]} 29. d6 {[%clk 0:00:51]}  a3 {[%clk 0:00:15]} 30. Ra1 {[%clk 0:00:49]}  a6 {[%clk 0:00:08]} 31. bxa6 {[%clk 0:00:46]}  Ra8 {[%clk 0:00:05]} 32. Rxa3 {[%clk 0:00:45]}  Qh3 {[%clk 0:00:03]} 33. Qf1 {[%clk 0:00:45]}  Qc8 {[%clk 0:00:04]} 34. h4 {[%clk 0:00:39]}  Rxa6 {[%clk 0:00:04]} 35. d7 {[%clk 0:00:39]}  Qb7 {[%clk 0:00:04]} 36. Nc5 {[%clk 0:00:39]}  Rxa3 {[%clk 0:00:02]} 37. Nxb7 {[%clk 0:00:40]}  Ra7 {[%clk 0:00:00]} 38. d8=Q {[%clk 0:00:40]} 1-0

[Event "April 9 Early 2024"]
[Site "Chess.com"]
[Date "2024.04.09"]
[Round "3"]
[White "Reprintsev, Alexander"]
[Black "Diaz Perez, Michel Alejandro"]
[Result "0-1"]
[Board "133"]
[WhiteFideId "14100541"]
[BlackFideId "3517179"]
[WhiteTitle "IM"]
[BlackTitle "IM"]
[WhiteElo "2482"]
[BlackElo "2646"]
[WhiteTeam "UKR"]
[BlackTeam "CUB"]
[WhiteClock "0:00:00"]
[BlackClock "0:00:23"]
[Variant "Standard"]

1. e4 {[%clk 0:02:56]}  d6 {[%clk 0:02:59]} 2. d4 {[%clk 0:02:55]}  Nf6 {[%clk 0:02:59]} 3. Nc3 {[%clk 0:02:55]}  c6 {[%clk 0:02:59]} 4. f4 {[%clk 0:02:50]}  Qa5 {[%clk 0:02:58]} 5. Qd2 {[%clk 0:02:43]}  e5 {[%clk 0:02:55]} 6. Nf3 {[%clk 0:02:42]}  Nbd7 {[%clk 0:02:51]} 7. Bd3 {[%clk 0:02:41]}  Be7 {[%clk 0:02:40]} 8. O-O {[%clk 0:02:41]}  Qc7 {[%clk 0:02:23]} 9. Qf2 {[%clk 0:02:28]}  O-O {[%clk 0:02:21]} 10. h3 {[%clk 0:02:24]}  b5 {[%clk 0:02:20]} 11. a4 {[%clk 0:02:21]}  b4 {[%clk 0:02:19]} 12. Ne2 {[%clk 0:02:21]}  c5 {[%clk 0:02:17]} 13. c3 {[%clk 0:02:16]}  c4 {[%clk 0:02:12]} 14. Bc2 {[%clk 0:02:15]}  b3 {[%clk 0:02:12]} 15. Bb1 {[%clk 0:02:12]}  exd4 {[%clk 0:01:58]} 16. Nexd4 {[%clk 0:02:11]}  Nc5 {[%clk 0:01:57]} 17. e5 {[%clk 0:01:54]}  Nfe4 {[%clk 0:01:47]} 18. Qe1 {[%clk 0:01:48]}  d5 {[%clk 0:01:47]} 19. Nd2 {[%clk 0:01:40]}  f5 {[%clk 0:01:36]} 20. exf6 {[%clk 0:01:35]}  Nxf6 {[%clk 0:01:35]} 21. f5 {[%clk 0:01:24]}  a6 {[%clk 0:01:28]} 22. Ne6 {[%clk 0:01:16]}  Bxe6 {[%clk 0:01:26]} 23. fxe6 {[%clk 0:01:17]}  Rae8 {[%clk 0:01:26]} 24. Bf5 {[%clk 0:01:12]}  g6 {[%clk 0:01:17]} 25. Bg4 {[%clk 0:01:00]}  Nxg4 {[%clk 0:01:12]} 26. hxg4 {[%clk 0:01:00]}  Rxf1+ {[%clk 0:01:08]} 27. Nxf1 {[%clk 0:01:00]}  Bd6 {[%clk 0:01:04]} 28. Be3 {[%clk 0:00:52]}  Rxe6 {[%clk 0:00:57]} 29. Qd2 {[%clk 0:00:52]}  Nd3 {[%clk 0:00:57]} 30. g3 {[%clk 0:00:31]}  Bxg3 {[%clk 0:00:54]} 31. Qg2 {[%clk 0:00:31]}  Be5 {[%clk 0:00:33]} 32. Qxd5 {[%clk 0:00:31]}  Qc6 {[%clk 0:00:33]} 33. Qxc6 {[%clk 0:00:20]}  Rxc6 {[%clk 0:00:34]} 34. Rb1 {[%clk 0:00:20]}  Re6 {[%clk 0:00:31]} 35. Ba7 {[%clk 0:00:14]}  Bf4 {[%clk 0:00:30]} 36. a5 {[%clk 0:00:12]}  Re2 {[%clk 0:00:29]} 37. Bb6 {[%clk 0:00:07]}  Rxb2 {[%clk 0:00:27]} 38. Rd1 {[%clk 0:00:04]}  Re2 {[%clk 0:00:25]} 39. g5 {[%clk 0:00:02]}  b2 {[%clk 0:00:25]} 40. Rb1 {[%clk 0:00:00]}  Re1 {[%clk 0:00:23]} 0-1

[Event "April 9 Early 2024"]
[Site "Chess.com"]
[Date "2024.04.09"]
[Round "3"]
[White "Tifferet, Shakked"]
[Black "Borgaonkar Akshay"]
[Result "0-1"]
[Board "135"]
[WhiteFideId "2811529"]
[BlackFideId "25639110"]
[WhiteTitle "FM"]
[BlackTitle "FM"]
[WhiteElo "2479"]
[BlackElo "2645"]
[WhiteTeam "ISR"]
[BlackTeam "IND"]
[WhiteClock "0:00:15"]
[BlackClock "0:01:00"]
[Variant "Standard"]

1. e4 {[%clk 0:02:57]}  e5 {[%clk 0:03:00]} 2. Nf3 {[%clk 0:02:56]}  Nc6 {[%clk 0:03:01]} 3. Nc3 {[%clk 0:02:57]}  Nf6 {[%clk 0:02:59]} 4. Be2 {[%clk 0:02:58]}  Bc5 {[%clk 0:02:57]} 5. Nxe5 {[%clk 0:02:58]}  Nxe5 {[%clk 0:02:43]} 6. d4 {[%clk 0:02:58]}  Bd6 {[%clk 0:02:43]} 7. dxe5 {[%clk 0:02:58]}  Bxe5 {[%clk 0:02:44]} 8. Nb5 {[%clk 0:02:59]}  a6 {[%clk 0:02:39]} 9. f4 {[%clk 0:02:59]}  axb5 {[%clk 0:02:29]} 10. fxe5 {[%clk 0:02:59]}  Nxe4 {[%clk 0:02:30]} 11. Qd4 {[%clk 0:02:45]}  Ng5 {[%clk 0:02:14]} 12. O-O {[%clk 0:02:29]}  Ne6 {[%clk 0:02:12]} 13. Qe4 {[%clk 0:02:20]}  Ra4 {[%clk 0:02:06]} 14. b4 {[%clk 0:02:20]}  c5 {[%clk 0:02:05]} 15. c3 {[%clk 0:02:16]}  cxb4 {[%clk 0:01:57]} 16. cxb4 {[%clk 0:02:15]}  O-O {[%clk 0:01:50]} 17. Be3 {[%clk 0:01:50]}  d5 {[%clk 0:01:49]} 18. exd6 {[%clk 0:01:41]}  Qxd6 {[%clk 0:01:48]} 19. a3 {[%clk 0:01:41]}  Bd7 {[%clk 0:01:47]} 20. Rfd1 {[%clk 0:01:35]}  Qc7 {[%clk 0:01:44]} 21. Qf5 {[%clk 0:01:22]}  Nd4 {[%clk 0:01:35]} 22. Qd3 {[%clk 0:01:10]}  Nxe2+ {[%clk 0:01:34]} 23. Qxe2 {[%clk 0:01:11]}  Bc6 {[%clk 0:01:34]} 24. Bd4 {[%clk 0:01:04]}  Raa8 {[%clk 0:01:24]} 25. Qg4 {[%clk 0:01:04]}  f6 {[%clk 0:01:22]} 26. Rf1 {[%clk 0:00:59]}  Qd7 {[%clk 0:01:15]} 27. Qh4 {[%clk 0:00:54]}  Rae8 {[%clk 0:01:09]} 28. Rae1 {[%clk 0:00:52]}  Rxe1 {[%clk 0:01:08]} 29. Rxe1 {[%clk 0:00:52]}  Re8 {[%clk 0:01:08]} 30. Rxe8+ {[%clk 0:00:46]}  Qxe8 {[%clk 0:01:09]} 31. h3 {[%clk 0:00:40]}  h6 {[%clk 0:01:07]} 32. Qg4 {[%clk 0:00:32]}  Qe1+ {[%clk 0:01:00]} 33. Kh2 {[%clk 0:00:32]}  Qf1 {[%clk 0:01:00]} 34. Qg6 {[%clk 0:00:20]}  Qf4+ {[%clk 0:00:55]} 35. g3 {[%clk 0:00:21]}  Qxd4 {[%clk 0:00:56]} 36. h4 {[%clk 0:00:20]}  Qd2+ {[%clk 0:00:56]} 37. Kh3 {[%clk 0:00:18]}  Qg2+ {[%clk 0:00:57]} 38. Kg4 {[%clk 0:00:19]}  Qf3+ {[%clk 0:00:58]} 39. Kh3 {[%clk 0:00:19]}  Qf1+ {[%clk 0:00:59]} 40. Kg4 {[%clk 0:00:19]}  Bf3+ {[%clk 0:00:59]} 41. Kf4 {[%clk 0:00:15]}  Bh5+ {[%clk 0:01:00]} 0-1

[Event "April 9 Early 2024"]
[Site "Chess.com"]
[Date "2024.04.09"]
[Round "3"]
[White "Gubajdullin, Alexei"]
[Black "Eilers, Stefan"]
[Result "1-0"]
[Board "138"]
[WhiteFideId "4141202"]
[BlackFideId "4609565"]
[WhiteTitle "FM"]
[BlackTitle "FM"]
[WhiteElo "2642"]
[BlackElo "2473"]
[WhiteTeam "RUS"]
[BlackTeam "GER"]
[WhiteClock "0:00:18"]
[BlackClock "0:00:03"]
[Variant "Standard"]

1. Nf3 {[%clk 0:03:00]}  g6 {[%clk 0:03:00]} 2. g3 {[%clk 0:03:00]}  b6 {[%clk 0:02:59]} 3. Bg2 {[%clk 0:02:59]}  Bb7 {[%clk 0:02:59]} 4. O-O {[%clk 0:03:00]}  Bg7 {[%clk 0:02:58]} 5. c4 {[%clk 0:02:59]}  Nf6 {[%clk 0:02:58]} 6. Nc3 {[%clk 0:03:00]}  O-O {[%clk 0:02:56]} 7. Qc2 {[%clk 0:02:59]}  c5 {[%clk 0:02:55]} 8. e4 {[%clk 0:02:58]}  Nc6 {[%clk 0:02:55]} 9. d3 {[%clk 0:02:58]}  e6 {[%clk 0:02:54]} 10. h4 {[%clk 0:02:56]}  d5 {[%clk 0:02:50]} 11. exd5 {[%clk 0:02:51]}  exd5 {[%clk 0:02:49]} 12. Bg5 {[%clk 0:02:52]}  Nb4 {[%clk 0:02:43]} 13. Qd1 {[%clk 0:02:45]}  h6 {[%clk 0:02:37]} 14. Bxf6 {[%clk 0:02:44]}  Qxf6 {[%clk 0:02:36]} 15. a3 {[%clk 0:02:44]}  d4 {[%clk 0:02:30]} 16. Ne2 {[%clk 0:02:14]}  Bxf3 {[%clk 0:02:14]} 17. Bxf3 {[%clk 0:02:04]}  Qxf3 {[%clk 0:02:13]} 18. axb4 {[%clk 0:02:05]}  cxb4 {[%clk 0:02:08]} 19. Nf4 {[%clk 0:02:04]}  Qxd1 {[%clk 0:01:29]} 20. Rfxd1 {[%clk 0:02:04]}  a5 {[%clk 0:01:30]} 21. Nd5 {[%clk 0:02:01]}  Rfb8 {[%clk 0:01:28]} 22. Re1 {[%clk 0:01:47]}  Ra7 {[%clk 0:01:24]} 23. b3 {[%clk 0:01:45]}  b5 {[%clk 0:01:12]} 24. Nxb4 {[%clk 0:01:22]}  Rba8 {[%clk 0:00:35]} 25. Nc6 {[%clk 0:01:20]}  Ra6 {[%clk 0:00:34]} 26. cxb5 {[%clk 0:01:16]}  Rb6 {[%clk 0:00:34]} 27. Ne7+ {[%clk 0:01:13]}  Kf8 {[%clk 0:00:27]} 28. Nd5 {[%clk 0:01:13]}  Rd6 {[%clk 0:00:21]} 29. Nc7 {[%clk 0:01:12]}  Rc8 {[%clk 0:00:20]} 30. Rxa5 {[%clk 0:01:05]}  Bf6 {[%clk 0:00:20]} 31. Ra6 {[%clk 0:00:59]}  Rxa6 {[%clk 0:00:14]} 32. Nxa6 {[%clk 0:00:59]}  Rc3 {[%clk 0:00:12]} 33. Rb1 {[%clk 0:00:50]}  Bd8 {[%clk 0:00:12]} 34. Nb4 {[%clk 0:00:48]}  Ke7 {[%clk 0:00:07]} 35. Nc6+ {[%clk 0:00:45]}  Kd7 {[%clk 0:00:08]} 36. Ra1 {[%clk 0:00:24]}  Rxb3 {[%clk 0:00:06]} 37. Ra7+ {[%clk 0:00:23]}  Kd6 {[%clk 0:00:06]} 38. Nxd8 {[%clk 0:00:22]}  Rxd3 {[%clk 0:00:05]} 39. b6 {[%clk 0:00:23]}  Rd1+ {[%clk 0:00:05]} 40. Kg2 {[%clk 0:00:22]}  Rb1 {[%clk 0:00:06]} 41. b7 {[%clk 0:00:22]}  d3 {[%clk 0:00:06]} 42. Ra3 {[%clk 0:00:19]}  d2 {[%clk 0:00:03]} 43. Rd3+ {[%clk 0:00:19]}  Kc7 {[%clk 0:00:04]} 44. Rxd2 {[%clk 0:00:19]}  Rb2 {[%clk 0:00:03]} 45. Rxb2 {[%clk 0:00:18]} 1-0

[Event "April 9 Early 2024"]
[Site "Chess.com"]
[Date "2024.04.09"]
[Round "3"]
[White "Slovineanu, Viacheslav"]
[Black "Rolly Parondo"]
[Result "0-1"]
[Board "139"]
[WhiteFideId "13900510"]
[BlackFideId "5217407"]
[WhiteTitle "IM"]
[WhiteElo "2473"]
[BlackElo "2642"]
[WhiteTeam "MDA"]
[BlackTeam "PHI"]
[WhiteClock "0:00:39"]
[BlackClock "0:01:56"]
[Variant "Standard"]

1. d4 {[%clk 0:03:00]}  Nf6 {[%clk 0:02:59]} 2. Nf3 {[%clk 0:03:00]}  g6 {[%clk 0:02:59]} 3. Nbd2 {[%clk 0:03:00]}  d5 {[%clk 0:02:59]} 4. e3 {[%clk 0:03:00]}  Bg7 {[%clk 0:02:59]} 5. b4 {[%clk 0:03:01]}  O-O {[%clk 0:02:59]} 6. c4 {[%clk 0:03:01]}  c6 {[%clk 0:02:59]} 7. a4 {[%clk 0:03:00]}  a5 {[%clk 0:02:58]} 8. b5 {[%clk 0:02:59]}  Bf5 {[%clk 0:02:54]} 9. Bb2 {[%clk 0:02:55]}  Ne4 {[%clk 0:02:53]} 10. Be2 {[%clk 0:02:54]}  Nd7 {[%clk 0:02:47]} 11. cxd5 {[%clk 0:02:41]}  cxd5 {[%clk 0:02:46]} 12. O-O {[%clk 0:02:40]}  Ndc5 {[%clk 0:02:37]} 13. Ba3 {[%clk 0:02:26]}  Nc3 {[%clk 0:02:32]} 14. Qe1 {[%clk 0:02:23]}  N5xa4 {[%clk 0:02:19]} 15. Nb3 {[%clk 0:01:44]}  Nxe2+ {[%clk 0:02:13]} 16. Qxe2 {[%clk 0:01:44]}  Nc3 {[%clk 0:02:12]} 17. Qb2 {[%clk 0:01:39]}  Nxb5 {[%clk 0:02:11]} 18. Bc5 {[%clk 0:01:06]}  a4 {[%clk 0:01:55]} 19. Nbd2 {[%clk 0:00:54]}  Nd6 {[%clk 0:01:56]} 20. Bxd6 {[%clk 0:00:51]}  Qxd6 {[%clk 0:01:57]} 21. Qxb7 {[%clk 0:00:39]}  Rfb8 {[%clk 0:01:56]} 0-1

[Event "April 9 Early 2024"]
[Site "Chess.com"]
[Date "2024.04.09"]
[Round "3"]
[White "Smirnov, Alexandr A."]
[Black "Kovalevsky, Stanislav"]
[Result "1-0"]
[Board "141"]
[WhiteFideId "24104396"]
[BlackFideId "13508598"]
[WhiteTitle "FM"]
[BlackTitle "FM"]
[WhiteElo "2641"]
[BlackElo "2467"]
[WhiteTeam "RUS"]
[BlackTeam "FID"]
[WhiteClock "0:00:11"]
[BlackClock "0:00:00"]
[Variant "Standard"]

1. e4 {[%clk 0:02:57]}  c6 {[%clk 0:02:59]} 2. d4 {[%clk 0:02:50]}  d5 {[%clk 0:03:00]} 3. e5 {[%clk 0:02:34]}  c5 {[%clk 0:03:00]} 4. dxc5 {[%clk 0:02:34]}  Nc6 {[%clk 0:02:59]} 5. f4 {[%clk 0:02:35]}  Nh6 {[%clk 0:02:45]} 6. Nf3 {[%clk 0:02:35]}  Bg4 {[%clk 0:02:44]} 7. h3 {[%clk 0:02:33]}  Bxf3 {[%clk 0:02:44]} 8. Qxf3 {[%clk 0:02:34]}  e6 {[%clk 0:02:45]} 9. Be3 {[%clk 0:02:30]}  Nf5 {[%clk 0:02:29]} 10. Bf2 {[%clk 0:02:29]}  Qa5+ {[%clk 0:02:21]} 11. Qc3 {[%clk 0:02:23]}  d4 {[%clk 0:02:06]} 12. Qxa5 {[%clk 0:02:22]}  Nxa5 {[%clk 0:02:07]} 13. Nd2 {[%clk 0:02:18]}  O-O-O {[%clk 0:02:04]} 14. b4 {[%clk 0:02:09]}  Nc6 {[%clk 0:01:57]} 15. a3 {[%clk 0:02:09]}  a5 {[%clk 0:01:40]} 16. Rb1 {[%clk 0:01:58]}  axb4 {[%clk 0:01:38]} 17. axb4 {[%clk 0:01:59]}  b6 {[%clk 0:01:31]} 18. b5 {[%clk 0:01:47]}  Na5 {[%clk 0:01:28]} 19. c6 {[%clk 0:01:36]}  f6 {[%clk 0:00:51]} 20. exf6 {[%clk 0:01:35]}  gxf6 {[%clk 0:00:50]} 21. Bd3 {[%clk 0:01:31]}  Ne3 {[%clk 0:00:36]} 22. Bxe3 {[%clk 0:01:21]}  dxe3 {[%clk 0:00:37]} 23. Ne4 {[%clk 0:01:21]}  f5 {[%clk 0:00:31]} 24. Ng5 {[%clk 0:01:21]}  Re8 {[%clk 0:00:14]} 25. Nxe6 {[%clk 0:01:09]}  Bh6 {[%clk 0:00:12]} 26. Bxf5 {[%clk 0:01:00]}  Nc4 {[%clk 0:00:12]} 27. Ng7+ {[%clk 0:00:56]}  Kc7 {[%clk 0:00:12]} 28. Nxe8+ {[%clk 0:00:56]}  Rxe8 {[%clk 0:00:13]} 29. g3 {[%clk 0:00:42]}  Bg7 {[%clk 0:00:11]} 30. Ke2 {[%clk 0:00:41]}  h5 {[%clk 0:00:05]} 31. Rhd1 {[%clk 0:00:39]}  Nd2 {[%clk 0:00:04]} 32. Rb4 {[%clk 0:00:31]}  h4 {[%clk 0:00:02]} 33. Re4 {[%clk 0:00:26]}  Nxe4 {[%clk 0:00:01]} 34. Bxe4 {[%clk 0:00:27]}  Rxe4 {[%clk 0:00:01]} 35. Rd7+ {[%clk 0:00:25]}  Kc8 {[%clk 0:00:02]} 36. Rxg7 {[%clk 0:00:25]}  hxg3 {[%clk 0:00:02]} 37. Rxg3 {[%clk 0:00:22]}  Rxf4 {[%clk 0:00:02]} 38. Kxe3 {[%clk 0:00:20]}  Rb4 {[%clk 0:00:02]} 39. Rg5 {[%clk 0:00:18]}  Rh4 {[%clk 0:00:02]} 40. c4 {[%clk 0:00:11]}  Rxh3+ {[%clk 0:00:01]} 41. Kd4 {[%clk 0:00:12]}  Rh4+ {[%clk 0:00:02]} 42. Kd5 {[%clk 0:00:12]}  Rh2 {[%clk 0:00:02]} 43. Kd6 {[%clk 0:00:12]}  Rd2+ {[%clk 0:00:02]} 44. Rd5 {[%clk 0:00:12]}  Re2 {[%clk 0:00:00]} 45. c7 {[%clk 0:00:11]} 1-0

[Event "April 9 Early 2024"]
[Site "Chess.com"]
[Date "2024.04.09"]
[Round "3"]
[White "Estrada Nieto, Julian"]
[Black "Williams, Simon K"]
[Result "0-1"]
[Board "143"]
[WhiteFideId "5101018"]
[BlackFideId "404454"]
[WhiteTitle "IM"]
[BlackTitle "GM"]
[WhiteElo "2464"]
[BlackElo "2638"]
[WhiteTeam "MEX"]
[BlackTeam "ENG"]
[WhiteClock "0:00:07"]
[BlackClock "0:00:10"]
[Variant "Standard"]

1. e4 {[%clk 0:02:59]}  c5 {[%clk 0:02:57]} 2. Nf3 {[%clk 0:02:59]}  d6 {[%clk 0:02:57]} 3. Bb5+ {[%clk 0:02:58]}  Nc6 {[%clk 0:02:57]} 4. d4 {[%clk 0:02:55]}  cxd4 {[%clk 0:02:55]} 5. Qxd4 {[%clk 0:02:56]}  Bd7 {[%clk 0:02:54]} 6. Bxc6 {[%clk 0:02:56]}  Bxc6 {[%clk 0:02:54]} 7. Nc3 {[%clk 0:02:56]}  Nf6 {[%clk 0:02:54]} 8. Bg5 {[%clk 0:02:56]}  e6 {[%clk 0:02:53]} 9. O-O-O {[%clk 0:02:57]}  Be7 {[%clk 0:02:53]} 10. Rhe1 {[%clk 0:02:57]}  O-O {[%clk 0:02:52]} 11. Kb1 {[%clk 0:02:57]}  Qc7 {[%clk 0:02:39]} 12. Qd2 {[%clk 0:02:56]}  b5 {[%clk 0:02:30]} 13. Nd4 {[%clk 0:02:55]}  b4 {[%clk 0:02:28]} 14. Nxc6 {[%clk 0:02:33]}  Qxc6 {[%clk 0:02:26]} 15. Bxf6 {[%clk 0:02:08]}  Bxf6 {[%clk 0:02:23]} 16. Ne2 {[%clk 0:02:05]}  Qxe4 {[%clk 0:02:13]} 17. Ng3 {[%clk 0:02:02]}  Qxg2 {[%clk 0:01:28]} 18. Rg1 {[%clk 0:01:58]}  Qf3 {[%clk 0:01:22]} 19. Rde1 {[%clk 0:01:23]}  g6 {[%clk 0:00:42]} 20. Ne4 {[%clk 0:01:17]}  d5 {[%clk 0:00:35]} 21. Re3 {[%clk 0:01:00]}  Qf5 {[%clk 0:00:25]} 22. Ng3 {[%clk 0:00:45]}  Qf4 {[%clk 0:00:23]} 23. Nh5 {[%clk 0:00:42]}  Qh4 {[%clk 0:00:23]} 24. Rh3 {[%clk 0:00:28]}  Qxh3 {[%clk 0:00:21]} 25. Qh6 {[%clk 0:00:27]}  Qf5 {[%clk 0:00:13]} 26. Rg4 {[%clk 0:00:18]}  Rfc8 {[%clk 0:00:13]} 27. Ka1 {[%clk 0:00:08]}  Rxc2 {[%clk 0:00:11]} 28. Rg1 {[%clk 0:00:07]}  Bxb2+ {[%clk 0:00:10]} 29. Kb1 {[%clk 0:00:07]}  Rxf2# {[%clk 0:00:10]} 0-1

[Event "April 9 Early 2024"]
[Site "Chess.com"]
[Date "2024.04.09"]
[Round "3"]
[White "Dixit, Nikhil"]
[Black "Turzo, Attila"]
[Result "0-1"]
[Board "146"]
[WhiteFideId "5059534"]
[BlackFideId "704954"]
[WhiteTitle "FM"]
[BlackTitle "IM"]
[WhiteElo "2634"]
[BlackElo "2459"]
[WhiteTeam "IND"]
[BlackTeam "HUN"]
[WhiteClock "0:00:07"]
[BlackClock "0:00:16"]
[Variant "Standard"]

1. e4 {[%clk 0:03:00]}  c5 {[%clk 0:02:58]} 2. Nf3 {[%clk 0:03:00]}  d6 {[%clk 0:02:59]} 3. Bb5+ {[%clk 0:02:56]}  Nd7 {[%clk 0:02:58]} 4. O-O {[%clk 0:02:53]}  Nf6 {[%clk 0:02:56]} 5. Re1 {[%clk 0:02:53]}  e5 {[%clk 0:02:53]} 6. c3 {[%clk 0:02:52]}  Be7 {[%clk 0:02:52]} 7. d4 {[%clk 0:02:50]}  O-O {[%clk 0:02:52]} 8. Bxd7 {[%clk 0:02:36]}  Nxd7 {[%clk 0:02:50]} 9. dxe5 {[%clk 0:02:37]}  Nxe5 {[%clk 0:02:43]} 10. Nxe5 {[%clk 0:02:37]}  dxe5 {[%clk 0:02:42]} 11. Qxd8 {[%clk 0:02:37]}  Rxd8 {[%clk 0:02:42]} 12. Nd2 {[%clk 0:02:28]}  Be6 {[%clk 0:02:40]} 13. Nf1 {[%clk 0:02:25]}  Rd3 {[%clk 0:02:30]} 14. Be3 {[%clk 0:02:13]}  Rad8 {[%clk 0:02:30]} 15. Re2 {[%clk 0:02:04]}  b5 {[%clk 0:02:24]} 16. Rd2 {[%clk 0:02:01]}  a5 {[%clk 0:02:17]} 17. Rxd3 {[%clk 0:01:54]}  Rxd3 {[%clk 0:02:17]} 18. Nd2 {[%clk 0:01:50]}  a4 {[%clk 0:02:13]} 19. a3 {[%clk 0:01:50]}  Kf8 {[%clk 0:02:12]} 20. Kf1 {[%clk 0:01:50]}  Ke8 {[%clk 0:02:00]} 21. Ke2 {[%clk 0:01:46]}  Rd7 {[%clk 0:01:43]} 22. Rd1 {[%clk 0:01:36]}  g6 {[%clk 0:01:29]} 23. Nf3 {[%clk 0:01:20]}  Rxd1 {[%clk 0:01:16]} 24. Kxd1 {[%clk 0:01:21]}  f6 {[%clk 0:01:14]} 25. Ne1 {[%clk 0:01:21]}  Kd7 {[%clk 0:01:13]} 26. Nd3 {[%clk 0:01:21]}  Kc6 {[%clk 0:01:14]} 27. Kd2 {[%clk 0:01:21]}  Bd6 {[%clk 0:01:13]} 28. f3 {[%clk 0:01:20]}  f5 {[%clk 0:01:10]} 29. Bg5 {[%clk 0:01:17]}  c4 {[%clk 0:00:57]} 30. Nb4+ {[%clk 0:01:07]}  Bxb4 {[%clk 0:00:46]} 31. cxb4 {[%clk 0:01:08]}  fxe4 {[%clk 0:00:44]} 32. fxe4 {[%clk 0:01:07]}  Kd6 {[%clk 0:00:44]} 33. Bf6 {[%clk 0:01:06]}  Bg4 {[%clk 0:00:43]} 34. Ke3 {[%clk 0:01:05]}  Ke6 {[%clk 0:00:40]} 35. Bh4 {[%clk 0:01:05]}  Bd1 {[%clk 0:00:39]} 36. Be1 {[%clk 0:01:06]}  Bc2 {[%clk 0:00:39]} 37. Bc3 {[%clk 0:01:06]}  Bd3 {[%clk 0:00:39]} 38. Be1 {[%clk 0:01:06]}  g5 {[%clk 0:00:38]} 39. Bf2 {[%clk 0:01:05]}  h5 {[%clk 0:00:37]} 40. g3 {[%clk 0:00:58]}  g4 {[%clk 0:00:38]} 41. Be1 {[%clk 0:00:58]}  Bb1 {[%clk 0:00:37]} 42. Bc3 {[%clk 0:00:58]}  Bd3 {[%clk 0:00:36]} 43. Bd2 {[%clk 0:00:58]}  Bc2 {[%clk 0:00:36]} 44. Kf2 {[%clk 0:00:57]}  Bxe4 {[%clk 0:00:36]} 45. Bh6 {[%clk 0:00:57]}  c3 {[%clk 0:00:34]} 46. bxc3 {[%clk 0:00:56]}  Kd5 {[%clk 0:00:33]} 47. Ke3 {[%clk 0:00:52]}  Bf3 {[%clk 0:00:33]} 48. Kd2 {[%clk 0:00:50]}  Kc4 {[%clk 0:00:33]} 49. Kc2 {[%clk 0:00:27]}  Be4+ {[%clk 0:00:33]} 50. Kd2 {[%clk 0:00:19]}  Kb3 {[%clk 0:00:31]} 51. Bg7 {[%clk 0:00:19]}  Kxa3 {[%clk 0:00:29]} 52. Bxe5 {[%clk 0:00:19]}  Kb3 {[%clk 0:00:29]} 53. Kc1 {[%clk 0:00:13]}  a3 {[%clk 0:00:28]} 54. Bf6 {[%clk 0:00:10]}  a2 {[%clk 0:00:23]} 55. c4 {[%clk 0:00:11]}  bxc4 {[%clk 0:00:24]} 56. Ba1 {[%clk 0:00:10]}  c3 {[%clk 0:00:21]} 57. b5 {[%clk 0:00:10]}  Bf3 {[%clk 0:00:17]} 58. b6 {[%clk 0:00:10]}  Bb7 {[%clk 0:00:16]} 59. Kd1 {[%clk 0:00:10]}  Bc6 {[%clk 0:00:16]} 60. Kc1 {[%clk 0:00:07]}  Bf3 {[%clk 0:00:16]} 0-1

[Event "April 9 Early 2024"]
[Site "Chess.com"]
[Date "2024.04.09"]
[Round "3"]
[White "Rogov, Matfey"]
[Black "Gajwa Ankit"]
[Result "1-0"]
[Board "150"]
[WhiteFideId "44191308"]
[BlackFideId "5077834"]
[WhiteTitle "CM"]
[BlackTitle "FM"]
[WhiteElo "2628"]
[BlackElo "2446"]
[WhiteTeam "RUS"]
[BlackTeam "IND"]
[WhiteClock "0:00:07"]
[BlackClock "0:01:23"]
[Variant "Standard"]

1. e4 {[%clk 0:03:00]}  c5 {[%clk 0:02:59]} 2. a3 {[%clk 0:03:00]}  Nf6 {[%clk 0:02:57]} 3. e5 {[%clk 0:03:00]}  Nd5 {[%clk 0:02:57]} 4. Nc3 {[%clk 0:03:00]}  Nxc3 {[%clk 0:02:57]} 5. dxc3 {[%clk 0:02:56]}  g6 {[%clk 0:02:58]} 6. Nf3 {[%clk 0:02:50]}  Bg7 {[%clk 0:02:58]} 7. Bf4 {[%clk 0:02:45]}  O-O {[%clk 0:02:57]} 8. Qd2 {[%clk 0:02:44]}  Nc6 {[%clk 0:02:58]} 9. O-O-O {[%clk 0:02:42]}  b5 {[%clk 0:02:54]} 10. Bxb5 {[%clk 0:02:36]}  Qb6 {[%clk 0:02:54]} 11. Bxc6 {[%clk 0:02:14]}  dxc6 {[%clk 0:02:54]} 12. Bh6 {[%clk 0:02:01]}  Rb8 {[%clk 0:02:53]} 13. b3 {[%clk 0:01:58]}  Be6 {[%clk 0:02:48]} 14. Bxg7 {[%clk 0:01:45]}  Kxg7 {[%clk 0:02:49]} 15. c4 {[%clk 0:01:33]}  Bxc4 {[%clk 0:02:46]} 16. Qc3 {[%clk 0:01:34]}  Be6 {[%clk 0:02:44]} 17. Ng5 {[%clk 0:01:30]}  Bd5 {[%clk 0:02:39]} 18. h4 {[%clk 0:01:13]}  h6 {[%clk 0:02:30]} 19. Nh3 {[%clk 0:01:00]}  Bxg2 {[%clk 0:02:25]} 20. e6+ {[%clk 0:00:58]}  f6 {[%clk 0:02:25]} 21. Nf4 {[%clk 0:00:26]}  Bxh1 {[%clk 0:02:23]} 22. Qd3 {[%clk 0:00:25]}  f5 {[%clk 0:02:19]} 23. Qg3 {[%clk 0:00:13]}  Rf6 {[%clk 0:01:45]} 24. Nh5+ {[%clk 0:00:13]}  Kh8 {[%clk 0:01:39]} 25. Nxf6 {[%clk 0:00:14]}  exf6 {[%clk 0:01:40]} 26. Qxg6 {[%clk 0:00:11]}  Rb7 {[%clk 0:01:28]} 27. Qxh6+ {[%clk 0:00:07]}  Kg8 {[%clk 0:01:23]} 28. Rg1+ {[%clk 0:00:07]} 1-0